Frontiers <An> Intermediate Course in English

Salvato in:
Dettagli Bibliografici
Autore principale: Forrester, Anthony
Natura: Libro
Lingua:inglese
Pubblicazione: London Collins Elt 1988
Edizione:1. ed.
Soggetti:
Tags: Aggiungi Tag
Nessun Tag, puoi essere il primo ad aggiungerne!!

MARC

LEADER 00000nam a2200000 4500
001 c000507
005 20221219121052.4
020 |a 0-00-370054-2 
041 0 |a eng 
044 |a GB 
245 1 0 |a Frontiers  |b <An> Intermediate Course in English  |c Anthony Forrester 
250 |a 1. ed. 
264 1 |a London  |b Collins Elt  |c 1988 
300 |a 122 s. 
610 2 0 |a angličtina 
610 2 0 |a jazykoveda 
100 1 |a Forrester, Anthony